000 00669cam a22001934a 4500
001 12685191
003 OSt
005 20260224150338.0
008 020215s2002 mau b 001 0 eng
020 _a9788120820456
040 _cHDL
_beng
082 0 0 _a294.407 P6
245 0 0 _aJainism and ecology :
_bnonviolence in the web of life /
_cedited by Christopher Key Chapple.
260 _aCambridge, MA :
_bCenter for the Study of World Religions, Harvard Divinity School :
_bdistributed by Harvard University Press,
_c2002.
300 _axliv, 252 p. ;
_c24 cm.
700 1 _aChapple, Christopher Key,
_d1954-
_91116555
942 _2CC
_cTEXL
_n0
999 _c1680149
_d1680149